Karnataka sangeetha sastra : theory of carnatic music/ (Record no. 23025)

000 -LEADER
fixed length control field 00395nam a22001451a 4500
082 ## - DEWEY DECIMAL CLASSIFICATION NUMBER
Classification number 781.69
Item number PAN/K
100 ## - MAIN ENTRY--AUTHOR NAME
Personal name Panchapakesa Iyer A S
245 ## - TITLE STATEMENT
Title Karnataka sangeetha sastra : theory of carnatic music/
Statement of responsibility, etc by Panchapakesa Iyer A S
260 ## - PUBLICATION, DISTRIBUTION, ETC. (IMPRINT)
Place of publication Chennai:
Name of publisher Karnatic Music Book Centre,
Year of publication 2006.
300 ## - PHYSICAL DESCRIPTION
Number of Pages 98p.
650 ## - SUBJECT ADDED ENTRY--TOPICAL TERM
Topical Term Music Carnatic
650 ## - SUBJECT ADDED ENTRY--TOPICAL TERM
Topical Term Music
650 ## - SUBJECT ADDED ENTRY--TOPICAL TERM
Topical Term Arts
942 ## - ADDED ENTRY ELEMENTS (KOHA)
Koha item type Book
Holdings
Withdrawn status Lost status Damaged status Not for loan Permanent Location Current Location Date acquired Cost, normal purchase price Full call number Accession Number Cost, replacement price Price effective from Koha item type
Write off     1 Sree Sankaracharya University of Sanskrit Sree Sankaracharya University of Sanskrit 08.01.2015 100.00 781.69 PAN/K 053584 0.00 08.01.2015 Book